Les Communes de Montpellier sur une Carte ! - Statistiques

Statistiques générales
  • Ce quiz a été pris 335 fois
  • Le résultat moyen est 13 sur 31
Réponses sur la Carte
Les réponses sont colorées sur une échelle allant du rouge au vert en fonction du pourcentage des utilisateurs qui les ont devinées à leur premier essai. Vous pouvez retrouver ces pourcentages ci-dessous.
 
Statistiques - réponses
Communes % Correct
Montpellier
94%
Lattes
80%
Castelnau-le-Lez
76%
Saint-Jean-de-Védas
74%
Pérols
72%
Juvignac
67%
Jacou
64%
Le Crès
51%
Vendargues
48%
Baillargues
47%
Villeneuve-lès-Maguelone
47%
Grabels
46%
Pignan
42%
Clapiers
41%
Lavérune
40%
Cournonterral
36%
Fabrègues
36%
Castries
34%
Montferrier-sur-Lez
33%
Prades-le-Lez
30%
Cournonsec
29%
Saint-Georges-d’Orques
24%
Saussan
24%
Murviel-lès-Montpellier
23%
Sussargues
20%
Saint-Brès
19%
Saint-Drézéry
17%
Beaulieu
14%
Restinclières
14%
Montaud
13%
Saint-Geniès-des-Mourgues
10%
Aucun quiz correspondant
Distribution des résultats
% des personnes avec chaque résultat
Percentile par nombre de réponses
Votre historique - résultats
Vous n’avez pas pris ce quiz